000 00630nam a2200229Ia 4500
003 OSt
005 20221007073150.0
006 a|||||r|||| 00| 0
007 ta
008 221006b |||||||| |||| 00| 0 eng d
024 _a24,498
037 _cTextual
040 _aFLL
_cFLL
_beng
041 _2eng
_aeng
082 _aZ252,211,1, M0
100 _aMalik Surendra
245 0 _aUttar Pradesh consolidation of holdings act, 1953
260 _aLucknow
_bEastern Book Co. India
_c1980
300 _axxii,1-230p
_ccm.
942 _hZ252,211,1, M0
_cTEXL
_2CC
999 _c1147866
_d1147866